000 00811nam a2200229 a 4500
005 20200104041514.0
008 140221b1998 -us|||||r|||| 00| 0 eng d
040 _aCO-BoIAVH
_cCO-BoIAVH
041 0 _aeng
044 _axxu
082 0 4 _a333.952816
_bI61f
110 2 _aThe world bank
_bEnvironment Department
245 1 0 _aIntegrating freshwater biodiversity conservation with development :
_bsome emerging lessons
260 _aWashington D.C. (EE.UU.) :
_bWorld Bank :
_bESSD,
_c1998.
300 _a24 páginas ;
_c28 x 22 cm.
490 0 _aEnvironment department papers ;
_v61
650 2 6 _aConservación de la diversidad biológica
650 2 4 _aRecursos hidrobiológicos
650 2 6 _aDesarrollo sostenible
650 2 6 _aPolítica ambiental
942 _cFolleto
_2ddc
999 _c713
_d713